Una estrella sobre la luna / Conservatorio Castella
সংরক্ষণ করুন:
| সংস্থা লেখক: | |
|---|---|
| বিন্যাস: | গ্রন্থ |
| ভাষা: | Undetermined |
| প্রকাশিত: |
San José, Costa Rica
Ediciones Irazú
1959
|
| বিষয়গুলি: | |
| ট্যাগগুলো: |
ট্যাগ যুক্ত করুন
কোনো ট্যাগ নেই, প্রথমজন হিসাবে ট্যাগ করুন!
|
MARC
| LEADER | 00000nam a2200000Ia 4500 | ||
|---|---|---|---|
| 008 | 170316s9999 xx 000 0 und d | ||
| 040 | |a cru BVZT | ||
| 090 | |a 868 C-16u | ||
| 110 | |a Conservatorio Castella |9 869 | ||
| 245 | |a Una estrella sobre la luna |b / Conservatorio Castella | ||
| 260 | |a San José, Costa Rica |b Ediciones Irazú |c 1959 | ||
| 300 | |a 31 páginas | ||
| 650 | |a LITERATURA COSTARRICENSE |9 17 | ||
| 999 | |c 10801 |d 10801 | ||
| 942 | |c 15 D |h 868 C-16u |2 z | ||
